000
00297nam a2200109Ia 4500
008
190802s9999 xx 000 0 und d
100
_a
Dr. Sadaf Fatima
245
0
_a
Khawateen ky Urdu Safar Namun Ka Tehkiki Mutala
260
_a
Karachi
_b
Anjuman Tarakki Urdu
_c
2011
300
_a
375:p
942
_c
BK
999
_c
2422
_d
2422